AH International Schools' Libraries

(KHMER) Larry wants to go to school / (Record no. 49884)

MARC details
000 -LEADER
fixed length control field 00357nam a2200121 4500
020 ## - INTERNATIONAL STANDARD BOOK NUMBER
International Standard Book Number 9789924501077
100 ## - MAIN ENTRY--PERSONAL NAME
Personal name Seng, Mengsrong
9 (RLIN) 68401
245 ## - TITLE STATEMENT
Title (KHMER) Larry wants to go to school /
Statement of responsibility, etc Mengsrong Seng
260 ## - PUBLICATION, DISTRIBUTION, ETC. (IMPRINT)
Place of publication, distribution, etc Cambodia
Name of publisher, distributor, etc Fount of Wisdom Publishing
Date of publication, distribution, etc 2017
300 ## - PHYSICAL DESCRIPTION
Extent 25 p.
Other physical details col. ill.
Dimensions 25 cm.
650 ## - SUBJECT ADDED ENTRY--TOPICAL TERM
Topical term or geographic name as entry element Khmer Fiction
9 (RLIN) 80279
942 ## - ADDED ENTRY ELEMENTS (KOHA)
Source of classification or shelving scheme
Koha item type Book
Holdings
Withdrawn status Lost status Source of classification or shelving scheme Damaged status Not for loan Collection code Home library Current library Shelving location Date acquired Total Checkouts Full call number Barcode Date last seen Price effective from Koha item type
          Siem Riep Asian Hope Siem Reap Asian Hope Siem Reap SECONDARY 12/09/2025   KHMER E SEN 209751 12/09/2025 12/09/2025 Book

For any Logos Library related questions please contact Miss Art at swongnarasuk@asianhope.org.

For any Asian Hope Library related questions please contact Miss Raza at graza@asianhope.org.

Powered by Koha